[Event "Rated Blitz game"]
[Site "?"]
[Date "2021.03.28"]
[Round "?"]
[White "soccerplayer2020"]
[Black "ferricerve"]
[Result "1-0"]
[WhiteElo "2399"]
[BlackElo "2498"]
[PlyCount "79"]
[EventDate "2021.??.??"]
[EventType "blitz"]

1. e4 e5 2. Nf3 d5 3. Nxe5 Bd6 4. d4 dxe4 5. Be2 Bxe5 6. dxe5 Qxd1+ 7. Bxd1 Nc6
8. Bf4 Nge7 9. e6 Bxe6 10. Bxc7 Rc8 11. Bd6 Nf5 12. Ba3 e3 13. c3 Ne5 14. O-O
exf2+ 15. Rxf2 Ne3 16. Ba4+ Kd8 17. Nd2 N5c4 18. Nxc4 Nxc4 19. Rd1+ Kc7 20. Be7
a6 21. Bh4 b5 22. Bb3 Rhe8 23. a4 f6 24. axb5 axb5 25. Ra1 Kb7 26. Bc2 Bd5 27.
Bg3 Nxb2 28. Bf5 Rc6 29. Rxb2 Bc4 30. Bd7 Re3 31. Bxc6+ Kxc6 32. Bf2 Rxc3 33.
h3 g5 34. Rd1 h5 35. Rbd2 g4 36. hxg4 hxg4 37. Rd6+ Kc7 38. Rxf6 g3 39. Be1 Rc2
40. Bxg3+ {Normal} 1-0

[Event "Rated Blitz tournament PMHPCJer"]
[Site "?"]
[Date "2021.03.28"]
[Round "?"]
[White "Eagle_2"]
[Black "Jenlen3001"]
[Result "1-0"]
[WhiteElo "2376"]
[BlackElo "2486"]
[PlyCount "63"]
[EventDate "2021.??.??"]
[EventType "blitz"]

1. e4 e5 2. Nf3 d5 3. d4 dxe4 4. Nxe5 Bd6 5. Nc4 Nf6 6. Nc3 O-O 7. h3 h6 8. Be3
Bf5 9. Qd2 a6 10. O-O-O b5 11. Nxd6 cxd6 12. g4 Bh7 13. g5 Nh5 14. gxh6 b4 15.
Nd5 g6 16. Be2 Nf6 17. Bg5 Nxd5 18. Bxd8 Rxd8 19. Qg5 Nc6 20. Qxd5 Rdc8 21. Bc4
Rc7 22. Rhe1 g5 23. Rxe4 Bxe4 24. Qxe4 Rac8 25. Qg6+ Kf8 26. Qg7+ Ke8 27. Qg8+
Ke7 28. Qxf7+ Kd8 29. Qg8+ Kd7 30. Be6+ Ke7 31. Qf7+ Kd8 32. Qf8# {Normal} 1-0

[Event "Rated Blitz game"]
[Site "?"]
[Date "2021.03.28"]
[Round "?"]
[White "sultan_kz"]
[Black "Melladov"]
[Result "1/2-1/2"]
[WhiteElo "2449"]
[BlackElo "2614"]
[PlyCount "50"]
[EventDate "2021.??.??"]
[EventType "blitz"]

1. e4 e5 2. Nf3 d5 3. Nxe5 Bd6 4. d4 dxe4 5. Nc4 Nf6 6. Nc3 O-O 7. Ne3 Nc6 8.
Be2 Re8 9. a3 a6 10. h3 b5 11. b3 Bf8 12. d5 Ne5 13. Bb2 Bc5 14. O-O Bb7 15. b4
Bxe3 16. fxe3 Nxd5 17. Nxd5 Qxd5 18. Qe1 Re6 19. Rd1 Qc6 20. Bd4 Rae8 21. Qg3
Rg6 22. Qf4 Rf6 23. Qg3 Rg6 24. Qf4 Rf6 25. Qg3 Rg6 {Normal} 1/2-1/2

[Event "Rated Blitz game"]
[Site "?"]
[Date "2021.03.28"]
[Round "?"]
[White "w2018u0046c237"]
[Black "magos33"]
[Result "0-1"]
[WhiteElo "2423"]
[BlackElo "2367"]
[PlyCount "78"]
[EventDate "2021.??.??"]
[EventType "blitz"]

1. e4 e5 2. Nf3 d5 3. Nxe5 Bd6 4. d4 dxe4 5. Nc3 Bxe5 6. dxe5 Qxd1+ 7. Kxd1 Nc6
8. Bb5 Bd7 9. Bf4 Nge7 10. Nxe4 O-O-O 11. Ke1 Ng6 12. Bg3 Ncxe5 13. Bxd7+ Rxd7
14. Bxe5 Re8 15. Nc3 Rxe5+ 16. Kf1 Rd2 17. Rc1 b5 18. a3 a5 19. h4 b4 20. axb4
axb4 21. Nd1 Ree2 22. h5 Ne5 23. Rh3 Rxc2 24. Rxc2 Rxc2 25. Rg3 g6 26. hxg6
hxg6 27. f4 Nc4 28. f5 Nxb2 29. Nxb2 Rxb2 30. fxg6 fxg6 31. Rxg6 Rc2 32. Rg3 c5
33. Rb3 Kc7 34. g4 Kd6 35. g5 Rc4 36. Rg3 Ke7 37. g6 Kf8 38. Ke2 Kg7 39. Kd3
Rc3+ {Normal} 0-1

[Event "Rated Blitz game"]
[Site "?"]
[Date "2021.03.28"]
[Round "?"]
[White "Bierpower"]
[Black "oYHoTANGz"]
[Result "1-0"]
[WhiteElo "2408"]
[BlackElo "2374"]
[PlyCount "73"]
[EventDate "2021.??.??"]
[EventType "blitz"]

1. e4 e5 2. Nf3 d5 3. exd5 e4 4. Qe2 Nf6 5. d3 Qxd5 6. dxe4 Qxe4 7. Nc3 Bb4 8.
Bd2 Qxe2+ 9. Bxe2 Bf5 10. O-O-O Nc6 11. Bb5 O-O-O 12. Bxc6 bxc6 13. Ne5 Bxc3
14. Bxc3 Rxd1+ 15. Rxd1 Ne4 16. Nxc6 Nxc3 17. bxc3 Kb7 18. Nd4 Be4 19. f3 Bg6
20. Re1 Rd8 21. Re7 Kb6 22. Nb3 Rd5 23. c4 Rg5 24. c5+ Kc6 25. g3 Rh5 26. h4
Rd5 27. g4 h5 28. Re3 Kb5 29. c3 a5 30. Kb2 a4 31. Nd4+ Kxc5 32. Re7 c6 33. Rc7
Rd6 34. Ka3 Kb6 35. Rc8 c5 36. Ne2 Rd3 37. Rb8+ {Time forfeit} 1-0

[Event "Rated Blitz game"]
[Site "?"]
[Date "2021.03.27"]
[Round "?"]
[White "halsau"]
[Black "Maltinho"]
[Result "0-1"]
[WhiteElo "2471"]
[BlackElo "2557"]
[PlyCount "84"]
[EventDate "2021.??.??"]
[EventType "blitz"]

1. e4 e5 2. Nf3 d5 3. Bd3 Nf6 4. Qe2 Bd6 5. O-O O-O 6. exd5 Nxd5 7. Bxh7+ Kh8
8. d4 exd4 9. Be4 Re8 10. Ng5 Kg8 11. Qh5 Be6 12. Qh7+ Kf8 13. Nxe6+ fxe6 14.
Bg6 Be5 15. Bxe8 Qxe8 16. Qh8+ Kf7 17. Qxe8+ Kxe8 18. Re1 Nc6 19. Nd2 Kd7 20.
Nf3 Bf6 21. Bg5 e5 22. Rad1 Kd6 23. c3 dxc3 24. bxc3 Kc5 25. c4 Nb6 26. Be3+
Kxc4 27. Bxb6 axb6 28. Re4+ Kc5 29. a4 Nd4 30. Nxe5 Rxa4 31. Nd7+ Kd5 32. Nxf6+
gxf6 33. f3 c5 34. h4 Ra8 35. h5 b5 36. g4 b4 37. f4 Kxe4 38. g5 Kxf4 39. g6
Kg5 40. g7 Kxh5 41. Rd3 Kg6 42. Rh3 Kxg7 {Normal} 0-1

[Event "Rated Blitz game"]
[Site "?"]
[Date "2021.03.27"]
[Round "?"]
[White "NaToncheva"]
[Black "King_bg03"]
[Result "0-1"]
[WhiteElo "2310"]
[BlackElo "2405"]
[PlyCount "36"]
[EventDate "2021.??.??"]
[EventType "blitz"]

1. e4 e5 2. Nf3 d5 3. exd5 Bd6 4. Nc3 Nf6 5. Bc4 e4 6. Qe2 O-O 7. Nd4 Bg4 8.
Qe3 a6 9. O-O Bc5 10. h3 Bf5 11. Qg5 Bg6 12. Nb3 Ba7 13. d3 b5 14. dxe4 bxc4
15. Nd2 Bd4 16. Re1 Re8 17. Nxc4 Bxc3 18. bxc3 Nxe4 {Normal} 0-1

[Event "Rated Blitz game"]
[Site "?"]
[Date "2021.03.27"]
[Round "?"]
[White "vladtdoi2612"]
[Black "KamranShirazi"]
[Result "1/2-1/2"]
[WhiteElo "2341"]
[BlackElo "2521"]
[PlyCount "121"]
[EventDate "2021.??.??"]
[EventType "blitz"]

1. e4 e5 2. Nf3 d5 3. Nxe5 Bd6 4. d4 dxe4 5. Bc4 Bxe5 6. Qh5 Qe7 7. Qxe5 Nc6 8.
Qxg7 Qf6 9. Bxf7+ Qxf7 10. Qxh8 Be6 11. Bg5 Qg6 12. h4 h6 13. Nc3 Nb4 14. O-O-O
hxg5 15. d5 e3 16. Rd3 Nxd3+ 17. cxd3 Bf7 18. Re1 O-O-O 19. Rxe3 gxh4 20. Qxh4
Bxd5 21. Qd4 Bc6 22. Qxa7 Qxg2 23. Qa8+ Kd7 24. Qa5 Qxf2 25. Re2 Qf4+ 26. Kc2
b6 27. Qh5 Kc8 28. Qg6 Kb7 29. b4 Nf6 30. b5 Bf3 31. Rf2 Qe3 32. Rd2 Nd5 33.
Qc6+ Kb8 34. Nxd5 Bxd5 35. Qc3 Bxa2 36. Kb2 Be6 37. Rh2 Qf4 38. Rh8 Rxh8 39.
Qxh8+ Ka7 40. Qc3 Bd5 41. Kc2 Qf2+ 42. Kc1 Qc5 43. Kc2 Qxc3+ 44. Kxc3 Kb7 45.
Kb4 Bf3 46. Kc3 Be2 47. Kd4 Bxd3 48. Kxd3 Kc8 49. Kd4 Kd7 50. Kd5 Ke7 51. Kc6
Kd8 52. Kb7 Kd7 53. Ka6 Kd6 54. Kb7 Kc5 55. Kxc7 Kxb5 56. Kd6 Kc4 57. Ke5 b5
58. Kf4 Kc3 59. Ke3 b4 60. Ke4 Kc2 61. Kd5 {Time forfeit} 1/2-1/2

[Event "Rated Blitz game"]
[Site "?"]
[Date "2021.03.27"]
[Round "?"]
[White "OzgurAkman"]
[Black "Schachelite"]
[Result "0-1"]
[WhiteElo "2472"]
[BlackElo "2433"]
[PlyCount "58"]
[EventDate "2021.??.??"]
[EventType "blitz"]

1. e4 e5 2. Nf3 d5 3. exd5 e4 4. Qe2 Nf6 5. d3 Qxd5 6. Nbd2 Nc6 7. dxe4 Qe6 8.
Qc4 Qe7 9. Bd3 Be6 10. Qa4 O-O-O 11. O-O h6 12. Nb3 g5 13. Be3 g4 14. Nfd2 Kb8
15. Nc5 Nd7 16. Na6+ Kc8 17. a3 Nb6 18. Qb5 Nd4 19. Bxd4 Rxd4 20. Nb4 c5 21.
Nd5 Nxd5 22. exd5 Bxd5 23. Rfe1 Qd7 24. Re8+ Kc7 25. Qxd7+ Kxd7 26. Rae1 Be6
27. Ra8 a6 28. Nf1 Bg7 29. Be4 Rxa8 {Normal} 0-1

[Event "Rated Blitz tournament RQArmJCU"]
[Site "?"]
[Date "2021.03.27"]
[Round "?"]
[White "ChessFerzZ"]
[Black "annaly1979"]
[Result "1-0"]
[WhiteElo "2513"]
[BlackElo "2381"]
[PlyCount "113"]
[EventDate "2021.??.??"]
[EventType "blitz"]

1. e4 e5 2. Nf3 d5 3. d4 dxe4 4. Nxe5 Bd6 5. Nc3 Bxe5 6. dxe5 Qxd1+ 7. Kxd1 Bf5
8. Be3 c6 9. Bd4 Ne7 10. e6 f6 11. Bc4 b5 12. Bb3 b4 13. Na4 Nd5 14. Nc5 a5 15.
a3 Na6 16. Bxd5 cxd5 17. Nxa6 Rxa6 18. axb4 a4 19. b5 Ra8 20. b6 Bxe6 21. b3 a3
22. Ra2 Kd7 23. Kd2 Kc6 24. Rha1 f5 25. Rxa3 Rxa3 26. Rxa3 f4 27. Ra7 Bc8 28.
Rc7+ Kd6 29. Rxg7 Re8 30. b7 Bf5 31. Ba7 e3+ 32. fxe3 fxe3+ 33. Ke1 Bxc2 34.
b8=Q+ Rxb8 35. Bxb8+ Ke6 36. Rg3 d4 37. Ba7 Kd5 38. Rg5+ Ke4 39. Rg4+ Kd3 40.
Rxd4+ Kc3 41. Rd8 Bxb3 42. Bxe3 h5 43. Ke2 Bf7 44. Rc8+ Kb4 45. Kf3 Be6 46.
Rb8+ Kc4 47. Kf4 Bd5 48. Rc8+ Kd3 49. Rd8 Kc4 50. Rxd5 Kxd5 51. Kg5 Ke4 52.
Kxh5 Kxe3 53. g4 Kf2 54. g5 Kg2 55. g6 Kxh2 56. g7 Kh3 57. g8=Q {Normal} 1-0

[Event "Rated Blitz game"]
[Site "?"]
[Date "2021.03.27"]
[Round "?"]
[White "denis6917"]
[Black "Schachelite"]
[Result "1-0"]
[WhiteElo "2520"]
[BlackElo "2437"]
[PlyCount "79"]
[EventDate "2021.??.??"]
[EventType "blitz"]

1. e4 e5 2. Nf3 d5 3. Nxe5 Bd6 4. d4 dxe4 5. Bc4 Bxe5 6. Qh5 Qe7 7. Qxe5 Qxe5
8. dxe5 Nc6 9. Nc3 Nxe5 10. Bb3 Nf6 11. Bf4 Ng6 12. Bxc7 O-O 13. O-O Bf5 14.
Rfe1 Rfe8 15. Rad1 a6 16. Nd5 Nxd5 17. Bxd5 Rac8 18. Ba5 Rxc2 19. Bc3 Nf4 20.
Bxb7 Ne2+ 21. Rxe2 Rxe2 22. Bxa6 Rc2 23. Bb5 Rc8 24. a4 h5 25. a5 e3 26. fxe3
Be4 27. Bf1 Rc6 28. a6 Rg6 29. Rd2 Rxd2 30. Bxd2 h4 31. h3 Rd6 32. Bc3 Rd1 33.
Kf2 Ra1 34. Be2 f6 35. Bd4 Kf7 36. b4 Ra2 37. Ke1 Bxg2 38. b5 g5 39. Bc4+ Kg6
40. Bxa2 {Time forfeit} 1-0

[Event "Rated Blitz game"]
[Site "?"]
[Date "2021.03.27"]
[Round "?"]
[White "HeCtOr001"]
[Black "blastol"]
[Result "0-1"]
[WhiteElo "2418"]
[BlackElo "2436"]
[PlyCount "94"]
[EventDate "2021.??.??"]
[EventType "blitz"]

1. e4 e5 2. Nf3 d5 3. Nxe5 Bd6 4. d4 dxe4 5. Nc4 f5 6. Nxd6+ Qxd6 7. c4 Nf6 8.
Nc3 Nc6 9. d5 Ne5 10. h3 a6 11. Be2 O-O 12. Be3 b6 13. Qd4 Bb7 14. O-O-O Ned7
15. g3 Qb4 16. Kb1 Rfd8 17. Bf4 c5 18. Qd2 b5 19. a3 Qa5 20. Nxe4 Qb6 21. Nd6
Ne4 22. Nxe4 fxe4 23. Qe3 Nf6 24. d6 Bc6 25. Rd2 b4 26. axb4 Qxb4 27. Qc3 Qxc3
28. bxc3 e3 29. Rdd1 Bxh1 30. Rxh1 exf2 31. Rf1 Ne4 32. Bf3 Rab8+ 33. Kc2 Nxd6
34. Bd5+ Kh8 35. Rxf2 Rb6 36. Be3 Nb7 37. Rf7 Na5 38. Bxc5 Rf6 39. Bd4 Rxf7 40.
Bxf7 Rd7 41. Be6 Rc7 42. c5 Nb7 43. h4 Nxc5 44. Ba2 Ne4 45. g4 Nd6 46. h5 Nb5
47. Be5 Rc5 {Time forfeit} 0-1

[Event "Rated Blitz game"]
[Site "?"]
[Date "2021.03.27"]
[Round "?"]
[White "NaToncheva"]
[Black "King_bg03"]
[Result "1/2-1/2"]
[WhiteElo "2300"]
[BlackElo "2419"]
[PlyCount "127"]
[EventDate "2021.??.??"]
[EventType "blitz"]

1. e4 e5 2. Nf3 d5 3. exd5 e4 4. Qe2 Nf6 5. d3 Qxd5 6. Nbd2 Bf5 7. Nh4 Bg4 8.
f3 Be6 9. fxe4 Qd8 10. Nhf3 Nc6 11. Nb3 a5 12. Bg5 a4 13. Nbd2 a3 14. b3 Nd4
15. Nxd4 Qxd4 16. Bxf6 gxf6 17. Rb1 Bb4 18. g3 Qc3 19. Bg2 Qxc2 20. Rd1 Qxa2
21. O-O Bxb3 22. e5 O-O-O 23. Qe4 Bd5 24. Qxb4 Bxg2 25. Kxg2 fxe5 26. Ra1 Qd5+
27. Kg1 Qd4+ 28. Qxd4 Rxd4 29. Rxa3 Rhd8 30. Ra8+ Kd7 31. Rxd8+ Kxd8 32. Nc4 f6
33. Rxf6 Rxd3 34. Nxe5 Rd1+ 35. Rf1 Rd5 36. Nf7+ Ke7 37. Nh6 Ke6 38. Ng4 Rg5
39. h3 h5 40. Re1+ Kd6 41. Nf2 Rxg3+ 42. Kh2 Rf3 43. Ne4+ Kc6 44. Ng5 Rf2+ 45.
Kg3 Ra2 46. Kh4 Ra4+ 47. Kxh5 Ra5 48. h4 b5 49. Kg6 b4 50. h5 b3 51. h6 Ra8 52.
h7 Kb5 53. Nf7 c5 54. h8=Q Rxh8 55. Nxh8 c4 56. Kf5 c3 57. Ke4 Kb4 58. Kd3 b2
59. Kc2 Ka3 60. Re3 Ka2 61. Rxc3 b1=Q+ 62. Kd2 Qb2+ 63. Rc2 Qxc2+ 64. Kxc2 {
Normal} 1/2-1/2

[Event "Rated Blitz game"]
[Site "?"]
[Date "2021.03.27"]
[Round "?"]
[White "vladtdoi2612"]
[Black "KamranShirazi"]
[Result "1-0"]
[WhiteElo "2341"]
[BlackElo "2522"]
[PlyCount "97"]
[EventDate "2021.??.??"]
[EventType "blitz"]

1. e4 e5 2. Nf3 d5 3. Nxe5 Bd6 4. d4 dxe4 5. Bc4 Bxe5 6. Qh5 Qe7 7. Qxe5 Qxe5
8. dxe5 Nc6 9. Nc3 Nd4 10. Bb3 Bf5 11. Be3 Nxb3 12. axb3 a6 13. O-O-O Ne7 14.
Rhe1 Ng6 15. h3 h5 16. Nd5 O-O-O 17. Bg5 Rd7 18. Ne3 Rxd1+ 19. Rxd1 Be6 20. Rd4
Nxe5 21. Rxe4 Nc6 22. f4 g6 23. f5 gxf5 24. Rf4 Rg8 25. h4 Ne5 26. Nxf5 Ng6 27.
Rf2 b5 28. Kd2 Kd7 29. Kc3 c5 30. b4 Kc6 31. Nh6 Rg7 32. Bf6 Rh7 33. Nf5 cxb4+
34. Kxb4 Kb6 35. Bd4+ Kb7 36. Nd6+ Kc6 37. Ne4 Nxh4 38. Ng5 Rh6 39. Nxf7 Bxf7
40. Rxf7 Nxg2 41. Ra7 Kd5 42. Bf2 Rg6 43. b3 Rg4+ 44. Ka5 h4 45. Rxa6 h3 46.
Rh6 Rh4 47. Bxh4 Nf4 48. Bg5 Nd3 49. cxd3 {Time forfeit} 1-0

[Event "Rated Blitz game"]
[Site "?"]
[Date "2021.03.27"]
[Round "?"]
[White "joseag1303"]
[Black "oJH0NDzKi"]
[Result "1-0"]
[WhiteElo "2419"]
[BlackElo "2438"]
[PlyCount "69"]
[EventDate "2021.??.??"]
[EventType "blitz"]

1. e4 e5 2. Nf3 d5 3. Nxe5 dxe4 4. d4 Bd6 5. Bc4 Bxe5 6. Qh5 Qe7 7. dxe5 Nc6 8.
Bf4 g6 9. Qg5 Qxg5 10. Bxg5 Nxe5 11. Bb3 Ne7 12. Bf6 O-O 13. Bxe5 c6 14. O-O
Re8 15. Nc3 Nd5 16. Bd4 Nxc3 17. Bxc3 Be6 18. Rfe1 f5 19. f3 Bxb3 20. axb3 exf3
21. gxf3 Kf7 22. Kf2 a6 23. Rad1 Rad8 24. Rxe8 Rxd1 25. Rh8 h5 26. Rh7+ Ke6 27.
Rxb7 Rc1 28. Rg7 Rxc2+ 29. Kg3 f4+ 30. Kxf4 Rxh2 31. Rxg6+ Kd5 32. Rg5+ Kd6 33.
Kg3 Rh1 34. Kg2 Rh4 35. Be1 {Normal} 1-0

[Event "Rated Blitz game"]
[Site "?"]
[Date "2021.03.27"]
[Round "?"]
[White "joseag1303"]
[Black "Maltinho"]
[Result "1-0"]
[WhiteElo "2468"]
[BlackElo "2565"]
[PlyCount "129"]
[EventDate "2021.??.??"]
[EventType "blitz"]

1. e4 e5 2. Nf3 d5 3. Nxe5 Bd6 4. d4 dxe4 5. Nc4 Nf6 6. Nxd6+ Qxd6 7. c4 Nc6 8.
d5 Ne5 9. Nc3 Bg4 10. Qd4 O-O 11. Bf4 Rfe8 12. Bxe5 Rxe5 13. h3 Bh5 14. g4 Bg6
15. Be2 Rae8 16. h4 h6 17. O-O-O a6 18. Rdg1 b5 19. g5 hxg5 20. hxg5 Nh7 21. c5
Qe7 22. b4 Rxg5 23. Rd1 Nf6 24. Qe3 Qe5 25. Kb2 Ng4 26. Bxg4 Rxg4 27. Qh3 Bh5
28. Qxh5 Qxh5 29. Rxh5 Rg2 30. d6 Rxf2+ 31. Kb3 cxd6 32. cxd6 g6 33. d7 Rd8 34.
Rc5 Kf8 35. Nxe4 Rf3+ 36. Rc3 Rxc3+ 37. Kxc3 Ke7 38. Nc5 f5 39. Kd4 g5 40. Re1+
Kf6 41. Re8 Rxd7+ 42. Nxd7+ Kg6 43. Ra8 f4 44. Rxa6+ Kf5 45. Ra5 g4 46. Rxb5+
Kg6 47. Ne5+ Kf5 48. Nxg4+ Kxg4 49. Rc5 f3 50. Rc8 f2 51. Rf8 Kg3 52. Rxf2 Kxf2
53. b5 Ke2 54. b6 Kd2 55. b7 Kc2 56. b8=Q Kd2 57. Qb4+ Kd1 58. Qc3 Ke2 59. Qd3+
Kf2 60. Qe3+ Kg2 61. Ke4 Kh2 62. Qf3 Kg1 63. Qe2 Kh1 64. Kf3 Kg1 65. Qg2# {
Normal} 1-0

[Event "Rated Blitz game"]
[Site "?"]
[Date "2021.03.27"]
[Round "?"]
[White "beyinlazim"]
[Black "Artem_Ry"]
[Result "1-0"]
[WhiteElo "2417"]
[BlackElo "2417"]
[PlyCount "125"]
[EventDate "2021.??.??"]
[EventType "blitz"]

1. e4 e5 2. Nf3 d5 3. exd5 e4 4. Nd4 Nf6 5. Nc3 Be7 6. Bb5+ Bd7 7. Bxd7+ Qxd7
8. O-O O-O 9. Re1 Bc5 10. Nb3 Bd6 11. Nxe4 Nxe4 12. Rxe4 f5 13. Re1 Rf6 14. Qe2
Na6 15. d4 f4 16. f3 Rg6 17. c3 Rf8 18. Bd2 Qf5 19. Qf2 Qxd5 20. Re4 Qh5 21.
Rae1 Nb8 22. Re8 Rxg2+ 23. Qxg2 Rxe8 24. Rxe8+ Qxe8 25. Qg4 Nd7 26. Bxf4 Qe1+
27. Kg2 Qe2+ 28. Kh3 Bxf4 29. Qxf4 Nf6 30. Nc5 Qf1+ 31. Kh4 Qf2+ 32. Qg3 Qxb2
33. Qxc7 Qf2+ 34. Qg3 Qxa2 35. Qb8+ Kf7 36. Qxb7+ Kg6 37. Qc7 Qf2+ 38. Qg3+
Qxg3+ 39. hxg3 Nd5 40. Na4 Nxc3 41. Nxc3 Kf5 42. g4+ Kf4 43. d5 Ke5 44. g5 a5
45. Kg4 a4 46. Nxa4 Kxd5 47. Nc3+ Ke5 48. Ne4 h6 49. gxh6 gxh6 50. Ng3 Kf6 51.
f4 Kg6 52. f5+ Kf6 53. Kh5 Kg7 54. Ne4 Kf7 55. f6 Kg8 56. Kxh6 Kh8 57. Kg6 Kg8
58. Ng5 Kf8 59. Kh7 Ke8 60. f7+ Ke7 61. Kg8 Kf6 62. f8=Q+ Kxg5 63. Qg7+ {
Time forfeit} 1-0

[Event "Rated Blitz tournament UMbrHoBL"]
[Site "?"]
[Date "2021.03.27"]
[Round "?"]
[White "YT_BKD"]
[Black "percakupa"]
[Result "1-0"]
[WhiteElo "2548"]
[BlackElo "2305"]
[PlyCount "61"]
[EventDate "2021.??.??"]
[EventType "blitz"]

1. e4 e5 2. Nf3 d5 3. exd5 e4 4. Qe2 Nf6 5. d3 Bb4+ 6. c3 O-O 7. dxe4 Bc5 8.
Bg5 h6 9. Bxf6 Qxf6 10. Nbd2 Bg4 11. h3 Bh5 12. g4 Bg6 13. Bg2 Nd7 14. O-O Rae8
15. Kh1 Qf4 16. Rae1 f5 17. gxf5 Bxf5 18. e5 Nf6 19. Qb5 Ne4 20. Rxe4 Bxe4 21.
Qxc5 Rf5 22. Nxe4 Qxe4 23. Qd4 Qe2 24. Re1 Qxb2 25. e6 g5 26. Qe4 Rf6 27. Qe5
Rf4 28. Kg1 Qxa2 29. e7 Qc4 30. Qe6+ Kg7 31. Ne5 {Normal} 1-0

[Event "Rated Blitz game"]
[Site "?"]
[Date "2021.03.27"]
[Round "?"]
[White "Dr_Strange007"]
[Black "Schachelite"]
[Result "1-0"]
[WhiteElo "2423"]
[BlackElo "2446"]
[PlyCount "69"]
[EventDate "2021.??.??"]
[EventType "blitz"]

1. e4 e5 2. Nf3 d5 3. exd5 e4 4. Ne5 Qxd5 5. d4 exd3 6. Nxd3 Nc6 7. Nc3 Qf5 8.
Bd2 Be6 9. Be2 O-O-O 10. O-O Nf6 11. Bf3 Nd4 12. Be2 h5 13. Be3 Nxe2+ 14. Qxe2
Ng4 15. f3 Rxd3 16. cxd3 Nxe3 17. Qxe3 Bc5 18. d4 Bb6 19. Na4 h4 20. Nxb6+ axb6
21. Qe4 Qg5 22. f4 Qb5 23. a4 Qxb2 24. a5 Rd8 25. Rfd1 bxa5 26. Rxa5 c6 27.
Ra8+ Kc7 28. Rxd8 Kxd8 29. f5 Bd5 30. Qxh4+ f6 31. Qf2 Qb3 32. Re1 b5 33. Qe3
Qc2 34. Qe7+ Kc8 35. Qxg7 {Time forfeit} 1-0

[Event "Rated Blitz game"]
[Site "?"]
[Date "2021.03.27"]
[Round "?"]
[White "miguelho67"]
[Black "Winquitter"]
[Result "0-1"]
[WhiteElo "2545"]
[BlackElo "2484"]
[PlyCount "90"]
[EventDate "2021.??.??"]
[EventType "blitz"]

1. e4 e5 2. Nf3 d5 3. exd5 e4 4. Nd4 Qxd5 5. Nb3 Bd6 6. Nc3 Qe5 7. g3 Nf6 8.
Be2 Bh3 9. d4 exd3 10. Qxd3 Nc6 11. Bf4 Qe6 12. Bxd6 O-O-O 13. O-O-O Rxd6 14.
Qb5 a6 15. Qa4 Rhd8 16. Nc5 Qf5 17. N5e4 Nxe4 18. Nxe4 Rxd1+ 19. Rxd1 Rxd1+ 20.
Bxd1 Kb8 21. Qc4 Bg2 22. Nc3 Qxf2 23. a3 Bh3 24. Qh4 Qxh2 25. Qxh7 Qxg3 26.
Qg8+ Ka7 27. Qxf7 g5 28. Nd5 g4 29. Nxc7 Qe3+ 30. Kb1 g3 31. Qg8 Qe1 32. Ka2 g2
33. Qa8+ Kb6 34. Nd5+ Kc5 35. Nc3 g1=Q 36. Qf8+ Kb6 37. Nd5+ Ka7 38. Bf3 Be6
39. c4 Qa1+ 40. Kb3 Nd4+ 41. Ka4 Nxf3 42. Qc5+ Qxc5 43. Nb4 Qxc4 44. b3 b5+ 45.
Ka5 Qc7# {Normal} 0-1

[Event "Rated Blitz game"]
[Site "?"]
[Date "2021.03.27"]
[Round "?"]
[White "UnknownTreasure"]
[Black "Maltinho"]
[Result "0-1"]
[WhiteElo "2483"]
[BlackElo "2565"]
[PlyCount "44"]
[EventDate "2021.??.??"]
[EventType "blitz"]

1. e4 e5 2. Nf3 d5 3. exd5 Bd6 4. d3 f5 5. Nc3 Nf6 6. g3 O-O 7. Bg2 c6 8. dxc6
Nxc6 9. O-O f4 10. Ng5 Nd4 11. Nge4 Nxe4 12. Bxe4 Bh3 13. Re1 Qf6 14. Nd5 Qf7
15. gxf4 exf4 16. c3 f3 17. cxd4 Qh5 18. Ne3 Bxh2+ 19. Kh1 Bc7 20. Bxf3 Bg4+
21. Kg1 Bxf3 22. Qb3+ Kh8 {Normal} 0-1

[Event "Rated Blitz game"]
[Site "?"]
[Date "2021.03.27"]
[Round "?"]
[White "Mark_Twain_64"]
[Black "blastol"]
[Result "1-0"]
[WhiteElo "2427"]
[BlackElo "2452"]
[PlyCount "57"]
[EventDate "2021.??.??"]
[EventType "blitz"]

1. e4 e5 2. Nf3 d5 3. d4 dxe4 4. Nxe5 Bd6 5. Nc4 f5 6. Nxd6+ Qxd6 7. c4 Nf6 8.
Nc3 O-O 9. c5 Qe7 10. Qb3+ Kh8 11. Be3 Nc6 12. Bb5 Be6 13. Qa4 Nd5 14. g3 Ncb4
15. a3 Nxc3 16. bxc3 Nd5 17. Qc2 a6 18. Be2 g5 19. c4 Nxe3 20. fxe3 c6 21. Rd1
Rad8 22. O-O Rf6 23. Rf2 f4 24. Qxe4 fxg3 25. Rxf6 gxh2+ 26. Kxh2 Qxf6 27. d5
Qh6+ 28. Kg1 Qh3 29. Qe5+ {Normal} 1-0

[Event "Rated Blitz game"]
[Site "?"]
[Date "2021.03.27"]
[Round "?"]
[White "Puniiishment"]
[Black "jeruchess"]
[Result "1-0"]
[WhiteElo "2589"]
[BlackElo "2338"]
[PlyCount "89"]
[EventDate "2021.??.??"]
[EventType "blitz"]

1. e4 e5 2. Nf3 d5 3. exd5 e4 4. Ne5 Qxd5 5. d4 exd3 6. Nxd3 Nf6 7. Nc3 Qf5 8.
Be2 Bd6 9. O-O O-O 10. Bf3 Nc6 11. Nb5 Rd8 12. Nxd6 Rxd6 13. Be3 Be6 14. Qc1
Bc4 15. Be2 Rad8 16. b3 Ba6 17. Re1 Ng4 18. Bf4 R6d7 19. h3 Nf6 20. Be3 Nd4 21.
Bxd4 Rxd4 22. Qb2 b6 23. Bf1 Bb7 24. Re3 h5 25. Rae1 h4 26. Re5 Qg6 27. Re7
R4d7 28. Rxd7 Rxd7 29. Ne5 Qf5 30. Nxd7 Qxd7 31. c4 c5 32. Qe5 Qd2 33. Qe2 Qd4
34. Rd1 Qf4 35. Rd8+ Kh7 36. Qe3 Qc7 37. Bd3+ g6 38. Qd2 Qc6 39. Bf1 Ne4 40.
Qd7 Qf6 41. f3 Bc6 42. Qc7 Ng3 43. Rd6 Qa1 44. Qxf7+ Kh6 45. Qxg6# {Normal} 1-0

[Event "Rated Blitz tournament s7tKOlRD"]
[Site "?"]
[Date "2021.03.27"]
[Round "?"]
[White "Saparmyrat"]
[Black "Melitopol_Chery"]
[Result "1-0"]
[WhiteElo "2647"]
[BlackElo "2378"]
[PlyCount "105"]
[EventDate "2021.??.??"]
[EventType "blitz"]

1. e4 e5 2. Nf3 d5 3. Nxe5 Bd6 4. d4 dxe4 5. Nc3 Bxe5 6. dxe5 Qxd1+ 7. Nxd1 Nc6
8. Bb5 Bd7 9. Bxc6 Bxc6 10. Nc3 Ne7 11. Bf4 Ng6 12. Bg3 h5 13. h4 Ne7 14. O-O-O
Nf5 15. Rhe1 e3 16. Rd3 O-O 17. Ne2 Be4 18. Rc3 Bxg2 19. fxe3 Rad8 20. Bf4 c6
21. Rg1 Bf3 22. Nd4 Nxd4 23. exd4 Bg4 24. Be3 f6 25. Rb3 fxe5 26. dxe5 Rd7 27.
Rb4 Rfd8 28. b3 Re8 29. Bf4 Rf7 30. Re1 b5 31. a4 a5 32. Rbe4 Bf3 33. R4e3 Rxf4
34. axb5 cxb5 35. e6 Rf6 36. e7 Bc6 37. Kb2 Bd7 38. Re5 Rf7 39. c4 bxc4 40.
bxc4 Rf6 41. Rxa5 Bc6 42. Rxh5 Kf7 43. Rhe5 Rxe7 44. Rxe7+ Kg6 45. R7e5 Rf2+
46. Kc3 Rf3+ 47. Kb4 Kh7 48. Rg5 Rf7 49. Reg1 Be4 50. Kc5 Rc7+ 51. Kd4 Bc2 52.
c5 Rd7+ 53. Kc3 {Time forfeit} 1-0

[Event "Rated Blitz tournament Xzxn6GR9"]
[Site "?"]
[Date "2021.03.27"]
[Round "?"]
[White "cruz59"]
[Black "KappaGolden"]
[Result "0-1"]
[WhiteElo "2427"]
[BlackElo "2304"]
[PlyCount "120"]
[EventDate "2021.??.??"]
[EventType "blitz"]

1. e4 e5 2. Nf3 d5 3. exd5 e4 4. Qe2 Nf6 5. d3 Qxd5 6. Nbd2 Be6 7. Nxe4 Nxe4 8.
Qxe4 Nc6 9. Ng5 O-O-O 10. Nxe6 fxe6 11. Qxd5 exd5 12. Bg5 Re8+ 13. Kd2 Bc5 14.
Be3 d4 15. Bf4 Rhf8 16. Bg3 g5 17. a3 h5 18. h4 g4 19. Re1 Kd7 20. Rxe8 Rxe8
21. Be2 Bd6 22. Bxd6 Kxd6 23. f3 Ne5 24. fxg4 hxg4 25. Rf1 c5 26. g3 Ke6 27.
Rf4 Rg8 28. c3 Kd5 29. h5 Rg5 30. Rf6 dxc3+ 31. bxc3 Nf3+ 32. Ke3 Rxh5 33.
Bxf3+ gxf3 34. Kxf3 Rh1 35. Ke3 Rg1 36. Kf4 Rd1 37. g4 Rxd3 38. g5 Rxc3 39. g6
Rc1 40. Rf5+ Ke6 41. Rg5 Rf1+ 42. Ke4 Rf8 43. g7 Rg8 44. Kd3 b6 45. Kc4 Kf6 46.
Rd5 Rxg7 47. a4 Rg4+ 48. Kb5 Rb4+ 49. Ka6 Rxa4+ 50. Kb7 Ke6 51. Rd1 c4 52. Kc6
Ra5 53. Re1+ Kf5 54. Rc1 Rc5+ 55. Kd6 c3 56. Ra1 c2 57. Rc1 Ke4 58. Ke6 Kd3 59.
Kd6 Kd2 60. Rd1+ cxd1=Q {Normal} 0-1